000
00370nam a2200169Ia 4500
003
0STCL
008
150530s9999 xx 000 0 und d
040
_a
STCL
_c
STCL
100
_a
Shakespeare E
245
_a
Nishphal Prem
260
_b
Rajpal Sons ; Delhi
_c
1965
300
_a
0
546
_a
Hindi
942
_2
ddc
_c
BK
999
_c
63239
_d
63239
005
20220125171222.0